Statistics for All Trucks to ever feature at Monster Jam World Finals

Click here to take the quiz!

General Stats

  • This quiz has been taken 239 times
    (7 since last reset)
  • The average score is 52 of 115

Answer Stats

# of AppearancesTrucks% Correct
21Grave Digger
100%
18MAX-D / Maximum Destruction
100%
10Mohawk Warrior
100%
21Avenger
80%
7Batman
80%
16Blue Thunder
80%
9Captain's Curse
80%
18El Toro Loco
80%
2Goldberg
80%
6Gunslinger
80%
17Monster Mutt
80%
7Spider-Man
80%
8Zombie / Zombie Fire
80%
5AAP Grinder
60%
6Air Force Afterburner
60%
1Backdraft
60%
2Bad Habit
60%
18Bounty Hunter
60%
6Brutus
60%
4Bulldozer
60%
3Captain America
60%
5Grave Digger the Legend
60%
14Madusa
60%
6Metal Mulisha
60%
13Monster Mutt Dalmation / MMD Ice
60%
3Monster Mutt Rottweiler
60%
7Northern Nightmare
60%
5Overkill Evolution
60%
5Soldier Fortune
60%
8Stone Crusher
60%
9Superman / Man of Steel
60%
1Team Meents
60%
5Titan
60%
6Wolverine
60%
2Wrenchhead.com
60%
1Airborne Ranger
40%
1Bad Company
40%
2Bakugan Dragonoid
40%
2Black Pearl
40%
6Blacksmith
40%
5Black Stallion
40%
1BroDozer
40%
2Crushstation
40%
6Destroyer
40%
2Donkey Kong
40%
2Doom's Day
40%
6Dragon / Dragon Ice
40%
1Dragon's Breath
40%
4Earthshaker
40%
3El Diablo
40%
6Escalade
40%
1Firemouth
40%
5FS1 Cleatus
40%
5Hot Wheels
40%
5Iron Man
40%
3Iron Outlaw
40%
2Jester
40%
8King Krunch
40%
2Kraken
40%
1Little Tiger
40%
9Lucas Oil Crusader
40%
1Lucas Oil Stabilizer
40%
3Mad Scientist
40%
4Megalodon
40%
8Monster Energy / Mutant
40%
1Monster Mutt Junkyard Dog
40%
2NEA Police
40%
3Nitro Circus
40%
1Nitro Machine
40%
5Pastrana 199
40%
4Pirate's Curse
40%
4Power Forward
40%
4Predator
40%
1Prowler
40%
1Ragin' Steel
40%
4Safe Auto Minimizer
40%
3Saigon Shaker
40%
3Scarlet Bandit
40%
8Scooby-Doo!
40%
2Shock Therapy
40%
1SoBe
40%
3Soldier Fortune Black Ops
40%
9Son-Uva Digger
40%
2Sting
40%
4Sudden Impact
40%
5Taz
40%
7Team Hot Wheels
40%
4Team Suzuki
40%
2The Patriot
40%
7TMNT
40%
1War Wizard
40%
2Whiplash
40%
4Wild Flower
40%
1Wonder Woman
40%
1Wrecking Crew
40%
1Zombie Hunter
40%
4Alien Invasion
20%
3Barbarian
20%
1Captain USA
20%
1Del Scorcho
20%
3Gas Monkey Garage
20%
2Heavy Hitter
20%
3Hooked
20%
2Hurricane Force
20%
2Nitro Hornet
20%
1NWO
20%
2Obsessed
20%
1Rage
20%
4Razin Kane
20%
1Reptoid
20%
1Stinger
20%
1Terminal Velocity
20%
2The Xtermigator
20%
1ThunderROARus
20%
1Trouble Maker
20%

Score Distribution

Percentile by Number Answered

Percent of People with Each Score

Your Score History

You have not taken this quiz since the last reset